[Event "Blagny op 3rd"]
[Site "Blagny"]
[Date "2011.04.24"]
[Round "2"]
[White "Rey, Jean"]
[Black "Marini, Franck"]
[Result "0-1"]
[WhiteElo "1490"]
[BlackElo "1380"]
[PlyCount "42"]
[EventDate "2011.04.23"]
[EventType "swiss"]
[EventRounds "6"]
[EventCountry "FRA"]
[SourceTitle "CBM 142 Extra"]
[Source "ChessBase"]
[SourceDate "2011.06.27"]
[SourceVersion "1"]
[SourceVersionDate "2011.06.27"]
[SourceQuality "1"]

1. d4 d5 2. c4 c6 3. Nf3 Nf6 4. Nc3 e6 5. e3 Nbd7 6. Bd3 dxc4 7. Bxc4 b5 8. Bd3 a6 9. 0-0 Bb7 10. Re1 c5 11. dxc5 Bxc5 12. e4 0-0 13. Bg5 Qb6 14. Be3 Rfd8 15. e5 Bxf3 16. gxf3 Nxe5 17. Bxc5 Qxc5 18. Re3 Nxd3 19. Rxd3 Rxd3 20. Qxd3 Rc8 21. Rc1 Qg5+ 0-1